| 000 | 00610nam a2200205 a 4500 | ||
|---|---|---|---|
| 005 | 20220910063643.0 | ||
| 008 | 090608s2006 mx r 000 0 spa d | ||
| 020 | _a970770439X | ||
| 035 | _aUPN01000171018 | ||
| 049 | _aI | ||
| 050 | 4 |
_aPN6110 C4 _bB6.4 |
|
| 100 | 1 |
_aBornemann, Elsa Isabel, _d1952- _932020 |
|
| 245 | 1 | 3 |
_aEl libro de los chicos enamorados / _cElsa Bornemann ; ed. Paula Socolovsky. |
| 260 |
_aMéxico : _bAlfaguara, _c2006. |
||
| 300 |
_a133 p. : _bil. |
||
| 440 | 0 | _aAlfaguara infantil | |
| 650 | 7 |
_aPoesía infantil _2 _91259 |
|
| 700 | 1 |
_aSocolovsky, Paula, _eed. |
|
| 905 | _aInfantil | ||
| 999 |
_c143123 _d143123 |
||